01205nam a22002537a 4500003000200000005001700002008004100019020002200060050002700082100003700109245013100146246005200277250001300329260004600342300005300388490003200441500010600473520017300579650003400752650005100786650004800837700003400885700003200919020251108112632.0251108b xxu||||| |||| 00| 0 eng d a978-0-241-28397-4 aPE 1128.D44b.J33 2023 aDegnan-Veness, Coleen,eadapter. aJack and the beanstalk /ctext adapted by Coleen Degnan-Veness ; illustrated by Laura Barella ; song lyrics by Pippa Mayfield. aLadybird Readers Level 3 Jack and the beanstalk aLevel 3. aLondon :bPenguin Random House UK,c2023. a63 pages :bcolor illustrations, music ;c23 cm. aLadybird Readers ;vLevel 3 aAdapted from the traditional English folk tale. Includes reading comprehension activities and a song. aA simplified retelling of the folktale about Jack, a poor boy who trades his cow for magic beans that grow into a giant beanstalk leading to an adventure in the clouds. aReaders (Elementary)vTexts.  aEnglish languagexStudy and teachingvReaders. aFolklorevAdaptationsvJuvenile literature. aBarella, Laura,eillustrator. aMayfield, Pippa,elyricist.